Ganancias ; Ganancia mínima presunta ; Bienes personales.
Guardado en:
| Autor Corporativo: | |
|---|---|
| Formato: | Libro |
| Idioma: | Spanish |
| Publicado: |
Buenos Aires :
Errepar,
2012.
|
| Edición: | Versión 1.9. |
| Series: | Separatas de legislación.
|
| Materias: | |
| Etiquetas: |
Agregar Etiqueta
Sin Etiquetas, Sea el primero en etiquetar este registro!
|
| LEADER | 01154nam a22002535a 4500 | ||
|---|---|---|---|
| 001 | EAD.ead003364 | ||
| 008 | 130314s2012####ag#######b####001#0#spa#d | ||
| 005 | 20160212125505.0 | ||
| 245 | 0 | 0 | |a Ganancias ; Ganancia mínima presunta ; Bienes personales. |
| 250 | |a Versión 1.9. | ||
| 260 | |a Buenos Aires : |b Errepar, |c 2012. | ||
| 300 | |a 334 p. ; |c 28 cm. | ||
| 490 | 1 | |a Separatas de legislación | |
| 500 | |a Incluye ley y decreto reglamentario, normas complementarias, ley 26731, modificación del artículo 23 de la ley de ganancias, selección de jurisprudencia, cuadros y esquemas, preguntas de autoevaluación. | ||
| 505 | 0 | |a Transferencia de inmuebles -- Contribución especial sobre el capital de las cooperativas -- Procedimiento fiscal (parte pertinente). | |
| 504 | |a Incluye referencias bibliográficas e índices. | ||
| 020 | |a 9789870113553 | ||
| 110 | 2 | |a Argentina. | |
| 240 | 1 | 0 | |a Leyes, etc. |
| 830 | 0 | |a Separatas de legislación. | |
| 653 | |a Impuesto a las ganancias | ||
| 653 | |a Impuesto a la ganancia mínima presunta | ||
| 653 | |a Impuesto sobre los bienes personales | ||
| 859 | |a AR-BaBDC |b BIB. ADMINISTRACION - Libros |h 336.24 |i Er78 |p b06537 | ||
